[Event "2nd GMA World Cup prel  #2"]
[Site "Moscow URS"]
[Date "1989.??.??"]
[Round "1"]
[White "Padevsky, Nikola"]
[Black "Pigusov, Evgeny"]
[Result "0-1"]
[WhiteElo "2435"]
[BlackElo "2525"]
[EventDate "1989.05.??"]
[PlyCount "57"]

1.Nf3 Nf6 2.g3 c5 3.c4 b6 4.Bg2 Bb7 5.O-O g6 6.Nc3 Bg7 7.d4 cxd4 8.Nxd4 
Bxg2 9.Kxg2 Qc7 10.b3 O-O 11.Bb2 Qb7+ 12.Nf3 d6 13.Qd2 Nbd7 14.Kg1 Rac8 
15.Rac1 a6 16.Nd4 Nc5 17.f3 d5 18.b4 dxc4 19.bxc5 bxc5 20.Ne6 fxe6 21.Rb1 
Qc6 22.Rfd1 Rc7 23.Qc1 Rb7 24.Ba1 Rb4 25.Qg5 Rxb1 26.Rxb1 Nd5 27.Ne4 c3 
28.Qc1 Qa4 29.Rb3 0-1

[Event "2nd GMA World Cup prel  #2"]
[Site "Moscow URS"]
[Date "1989.??.??"]
[Round "1"]
[White "Tunik, Gennady"]
[Black "Krasenkov, Mikhail"]
[Result "0-1"]
[WhiteElo "2435"]
[BlackElo "2525"]
[EventDate "1989.05.??"]
[PlyCount "94"]

1.d4 Nf6 2.c4 g6 3.Nc3 d5 4.cxd5 Nxd5 5.e4 Nxc3 6.bxc3 Bg7 7.Qa4+ Qd7 8.
Qxd7+ Bxd7 9.Be3 c5 10.Rb1 Nc6 11.Rxb7 cxd4 12.cxd4 Bxd4 13.Nf3 Bxe3 14.
fxe3 Rb8 15.Rxb8+ Nxb8 16.Bc4 e6 17.O-O Ke7 18.Ne5 f6 19.Ng4 Rc8 20.Be2 
Rc2 21.Bf3 Rxa2 22.Rb1 Nc6 23.Rb7 Ne5 24.Nxe5 fxe5 25.h4 Kd6 26.Kh2 a5 27.
Ra7 a4 28.Ra6+ Kc5 29.Bg4 Rd2 30.Kg3 Kb4 31.Bxe6 Bxe6 32.Rb6+ Kc4 33.Rxe6 
Rd7 34.Rxe5 Ra7 35.Rd5 a3 36.Rd1 a2 37.Ra1 Kb3 38.Kf4 Kb2 39.Re1 a1=Q 40.
Rxa1 Rxa1 41.e5 Ra6 42.Ke4 Kc3 43.Kd5 Kd3 44.e6 Kxe3 45.e7 Ra8 46.Ke6 Kf2 
47.Kf7 Kg3 0-1

[Event "2nd GMA World Cup prel  #2"]
[Site "Moscow URS"]
[Date "1989.??.??"]
[Round "1"]
[White "Vaiser, Anatoly"]
[Black "Sveshnikov, Evgeny"]
[Result "1-0"]
[WhiteElo "2525"]
[BlackElo "2435"]
[EventDate "1989.05.??"]
[PlyCount "67"]

1.c4 c6 2.e4 d5 3.exd5 cxd5 4.d4 Nf6 5.Nc3 e6 6.Nf3 Bb4 7.cxd5 Nxd5 8.Bd2 
Nc6 9.Bd3 Be7 10.a3 Bf6 11.O-O Bxd4 12.Nxd4 Nxd4 13.Nxd5 Qxd5 14.Qg4 O-O 
15.Bh6 Qe5 16.f4 f5 17.fxe5 fxg4 18.Bxh7+ Kxh7 19.Rxf8 Kxh6 20.Raf1 Kg6 
21.Re8 a5 22.Rff8 Nc6 23.Rxc8 Ra6 24.Rf4 Rb6 25.Rxg4+ Kf5 26.Rxg7 Rxb2 27.
h4 Nxe5 28.Rf8+ Ke4 29.h5 Rb1+ 30.Kh2 Rb5 31.h6 Nc4 32.Rg4+ Kd3 33.Rf3+ 
Ne3 34.Rh4 1-0

[Event "2nd GMA World Cup prel  #2"]
[Site "Moscow URS"]
[Date "1989.??.??"]
[Round "1"]
[White "Chiburdanidze, Maia"]
[Black "Tseitlin, Mark"]
[Result "0-1"]
[WhiteElo "2520"]
[BlackElo "2430"]
[EventDate "1989.05.??"]
[PlyCount "44"]

1.e4 e5 2.Nf3 Nc6 3.Bc4 Nf6 4.d4 exd4 5.e5 d5 6.Bb5 Ne4 7.Nxd4 Bc5 8.O-O 
O-O 9.Bxc6 bxc6 10.f3 f6 11.exf6 Qxf6 12.Be3 Ba6 13.Re1 Rae8 14.c3 Bd6 15.
g3 Nxg3 16.hxg3 Bxg3 17.Na3 Bxe1 18.Qxe1 c5 19.Ndc2 d4 20.cxd4 Qg6+ 21.Kf2
Qg4 22.Qh1 cxd4 0-1

[Event "2nd GMA World Cup prel  #2"]
[Site "Moscow URS"]
[Date "1989.??.??"]
[Round "1"]
[White "Savon, Vladimir"]
[Black "Tseshkovsky, Vitaly"]
[Result "1-0"]
[WhiteElo "2425"]
[BlackElo "2520"]
[EventDate "1989.05.??"]
[PlyCount "70"]

1.d4 f5 2.Nf3 Nf6 3.g3 e6 4.Bg2 d5 5.c4 c6 6.O-O Bd6 7.Nc3 O-O 8.Bf4 Bxf4 
9.gxf4 Kh8 10.e3 Bd7 11.Qb3 b6 12.Ne5 Be8 13.Rac1 Ng4 14.cxd5 exd5 15.Ne2 
a5 16.Ng3 Nxe5 17.fxe5 Na6 18.f4 Rb8 19.Rf2 Nc7 20.Rfc2 c5 21.dxc5 bxc5 
22.Qd3 c4 23.Qd2 a4 24.Ne2 Qe7 25.Nd4 Na6 26.Rc3 Nb4 27.Ra1 Rb6 28.b3 Rg6 
29.bxc4 dxc4 30.Rxc4 Nd5 31.Nxf5 Qe6 32.Nh4 Rg4 33.Rd4 Nxe3 34.Qxe3 Rxh4 
35.Rf1 Qxa2 1-0

[Event "2nd GMA World Cup prel  #2"]
[Site "Moscow URS"]
[Date "1989.??.??"]
[Round "1"]
[White "Shabalov, Alexander"]
[Black "Malaniuk, Vladimir"]
[Result "1/2-1/2"]
[WhiteElo "2425"]
[BlackElo "2520"]
[EventDate "1989.05.??"]
[PlyCount "46"]

1.d4 f5 2.Nf3 d6 3.c4 g6 4.Nc3 Nf6 5.g3 Bg7 6.Bg2 O-O 7.O-O Qe8 8.b3 e5 9.
dxe5 dxe5 10.e4 Nc6 11.Nd5 Qd7 12.exf5 e4 13.Ng5 gxf5 14.Bf4 h6 15.Nh3 
Nxd5 16.cxd5 Ne7 17.Qh5 Qe8 18.Qxe8 Rxe8 19.Rad1 c6 20.dxc6 Nxc6 21.Be3 
Nb4 22.Rd2 Bc3 23.Rd6 Nxa2 1/2-1/2

[Event "2nd GMA World Cup prel  #2"]
[Site "Moscow URS"]
[Date "1989.??.??"]
[Round "1"]
[White "Kupreichik, Viktor"]
[Black "Soltis, Andrew"]
[Result "1-0"]
[WhiteElo "2520"]
[BlackElo "2425"]
[EventDate "1989.05.??"]
[PlyCount "59"]

1.e4 d5 2.exd5 Qxd5 3.Nc3 Qa5 4.d4 Nf6 5.Nf3 c6 6.Ne5 Be6 7.Bc4 Nbd7 8.
Bxe6 Nxe5 9.Qe2 Ned7 10.Bb3 e6 11.Bd2 Qc7 12.O-O-O O-O-O 13.f4 Nb6 14.f5 
exf5 15.Bg5 Bb4 16.Qf3 Bxc3 17.bxc3 Nbd5 18.c4 Ne7 19.c5 Nfd5 20.c4 Nf6 
21.Bc2 Qa5 22.Kb2 Rd7 23.Rhe1 Kb8 24.Bd2 Qd8 25.Qg3+ Ka8 26.Qxg7 Ng4 27.
Ba5 b6 28.cxb6 Ng6 29.Bxf5 Rg8 30.Bxd7 1-0

[Event "2nd GMA World Cup prel  #2"]
[Site "Moscow URS"]
[Date "1989.??.??"]
[Round "1"]
[White "Rashkovsky, Nukhim"]
[Black "Piskov, Yury"]
[Result "1/2-1/2"]
[WhiteElo "2520"]
[BlackElo "2400"]
[EventDate "1989.05.??"]
[PlyCount "138"]

1.Nf3 Nf6 2.d4 e6 3.c4 Bb4+ 4.Bd2 Qe7 5.g3 Nc6 6.Nc3 d5 7.a3 Bxc3 8.Bxc3 
O-O 9.Bg2 Rd8 10.O-O a5 11.Rc1 Ne4 12.Qc2 Nd6 13.c5 Ne4 14.b4 axb4 15.axb4
b6 16.Ra1 Bd7 17.e3 Na7 18.Rfc1 Bb5 19.Ne5 f6 20.Nd3 Nc6 21.Ne1 f5 22.Nd3 
Nxc3 23.Qxc3 Qe8 24.Bf1 Bc4 25.h4 b5 26.Nf4 Bxf1 27.Rxf1 Kf7 28.Nd3 Rxa1 
29.Rxa1 Ra8 30.Ra3 Qb8 31.Qa1 Rxa3 32.Qxa3 Qb7 33.Qa1 Kf6 34.Qd1 Qa8 35.
Qh5 Qg8 36.g4 g6 37.Qh6 Qg7 38.Qf4 g5 39.Qg3 gxh4 40.Qxh4+ Qg5 41.Qxh7 
Qxg4+ 42.Kh2 Qg7 43.Qh4+ Kf7 44.f3 Qf6 45.Qf4 Qh8+ 46.Kg3 Qg7+ 47.Kf2 Ke8 
48.Qh2 Kd7 49.Ke2 Kc8 50.Kd2 Kb7 51.Qe2 Ka6 52.Qf1 Qh8 53.Nf4 Qh2+ 54.Qe2 
Qh6 55.Kc3 Qf6 56.Nd3 Qh8 57.Qg2 Kb7 58.Kb3 Qh6 59.Qe2 Qh1 60.Nb2 Ka6 61.
Nd1 Na7 62.Nc3 Qh3 63.e4 fxe4 64.fxe4 Kb7 65.Kb2 c6 66.Kc2 Qg3 67.Qf1 Qg7 
68.Qf2 Nc8 69.Kd3 Ne7 1/2-1/2

[Event "2nd GMA World Cup prel  #2"]
[Site "Moscow URS"]
[Date "1989.??.??"]
[Round "1"]
[White "Westerinen, Heikki"]
[Black "Olafsson, Helgi"]
[Result "1/2-1/2"]
[WhiteElo "2400"]
[BlackElo "2520"]
[EventDate "1989.05.??"]
[PlyCount "81"]

1.e4 c5 2.Nf3 d6 3.d4 cxd4 4.Nxd4 Nf6 5.Nc3 a6 6.a4 Nc6 7.Be2 e5 8.Nxc6 
bxc6 9.f4 Nd7 10.a5 Be7 11.O-O O-O 12.Bc4 exf4 13.Bxf4 Nc5 14.Be3 Ne6 15.
Na4 Rb8 16.Nb6 Bb7 17.Rxf7 Kxf7 18.Qh5+ Kg8 19.Bxe6+ Kh8 20.Nd7 Rf6 21.
Nxf6 Bxf6 22.c3 c5 23.Bf5 Qg8 24.Rf1 Bc6 25.Bg5 Be5 26.Bg6 Be8 27.Rf8 Bxg6
28.Rxg8+ Kxg8 29.Qg4 h5 30.Qe2 Rb5 31.Bd8 Bf7 32.Qd2 c4 33.Bc7 Rb7 34.Bb6 
d5 35.exd5 Rd7 36.Bd4 Rxd5 37.Qe3 Bxd4 38.cxd4 Rxa5 39.Qc3 Rb5 40.h3 a5 
41.Kh2 1/2-1/2

[Event "2nd GMA World Cup prel  #2"]
[Site "Moscow URS"]
[Date "1989.??.??"]
[Round "1"]
[White "Kharitonov, Andrei"]
[Black "Spiridonov, Nikola"]
[Result "1-0"]
[WhiteElo "2520"]
[BlackElo "2390"]
[EventDate "1989.05.??"]
[PlyCount "59"]

1.d4 Nf6 2.Nf3 d6 3.c4 Bg4 4.Nc3 c6 5.e4 e6 6.Be2 Be7 7.h3 Bh5 8.d5 exd5 
9.exd5 c5 10.O-O O-O 11.Bf4 Nbd7 12.Re1 Re8 13.Qb3 Qc7 14.Nb5 Qb8 15.Nd2 
Bf8 16.Bxh5 Rxe1+ 17.Rxe1 Nxh5 18.Bh2 a6 19.Nc3 Qc7 20.Qd1 Nhf6 21.Nde4 
Re8 22.Re3 h6 23.Qe2 Nxe4 24.Nxe4 Rd8 25.Bf4 Nb6 26.Nf6+ Kh8 27.Bxh6 Nd7 
28.Ne8 Rxe8 29.Rxe8 gxh6 30.Qe7 1-0

[Event "2nd GMA World Cup prel  #2"]
[Site "Moscow URS"]
[Date "1989.??.??"]
[Round "1"]
[White "Gheorghiu, Florin"]
[Black "Titov, German"]
[Result "1/2-1/2"]
[WhiteElo "2515"]
[BlackElo "2390"]
[EventDate "1989.05.??"]
[PlyCount "34"]

1.d4 d6 2.c4 e5 3.dxe5 dxe5 4.Qxd8+ Kxd8 5.Nc3 Nf6 6.Nf3 Nc6 7.Bg5 Be6 8.
O-O-O+ Kc8 9.Bxf6 gxf6 10.e3 f5 11.Ng5 Be7 12.Nxe6 fxe6 13.Be2 b6 14.g4 
Kb7 15.h4 h6 16.gxf5 exf5 17.Bh5 Raf8 1/2-1/2

[Event "2nd GMA World Cup prel  #2"]
[Site "Moscow URS"]
[Date "1989.??.??"]
[Round "1"]
[White "Spasov, Luben"]
[Black "Smejkal, Jan"]
[Result "0-1"]
[WhiteElo "2375"]
[BlackElo "2515"]
[EventDate "1989.05.??"]
[PlyCount "68"]

1.Nf3 Nf6 2.g3 g6 3.Bg2 Bg7 4.O-O c5 5.c4 Nc6 6.Nc3 O-O 7.d4 cxd4 8.Nxd4 
Ng4 9.e3 d6 10.b3 Nxd4 11.exd4 Nh6 12.Bb2 Nf5 13.Ne2 Rb8 14.Qc2 e6 15.Rfd1
b6 16.a4 Bb7 17.d5 Bxb2 18.Qxb2 e5 19.a5 b5 20.c5 dxc5 21.Qxe5 Re8 22.Qb2 
b4 23.a6 Bc8 24.Nf4 Qd6 25.Nd3 Nd4 26.Re1 Bxa6 27.Re3 Bxd3 28.Rxd3 Qf6 29.
Rd2 Re2 30.Rxe2 Nxe2+ 31.Qxe2 Qxa1+ 32.Bf1 Rd8 33.Qf3 Qc3 34.Qe4 Qd4 0-1

[Event "2nd GMA World Cup prel  #2"]
[Site "Moscow URS"]
[Date "1989.??.??"]
[Round "1"]
[White "Ubilava, Elizbar"]
[Black "Minasian, Artashes"]
[Result "1-0"]
[WhiteElo "2515"]
[BlackElo "2345"]
[EventDate "1989.05.??"]
[PlyCount "74"]

1.d4 Nf6 2.c4 c5 3.Nf3 cxd4 4.Nxd4 e5 5.Nb5 d5 6.cxd5 Bc5 7.N5c3 O-O 8.e3 
Bf5 9.a3 Bg6 10.Be2 a6 11.b4 Ba7 12.Bb2 Nbd7 13.Nd2 Rc8 14.Nc4 h5 15.h3 h4
16.Na5 Rxc3 17.Bxc3 Ne4 18.Bd2 Qg5 19.O-O Nxd2 20.Qxd2 Be4 21.Bg4 f5 22.
Qd1 fxg4 23.Qxg4 Qxg4 24.hxg4 Nf6 25.Nxb7 Bxd5 26.Nc5 Nxg4 27.Rfd1 Bxg2 
28.Kxg2 Rxf2+ 29.Kh3 Nxe3 30.Rd8+ Kh7 31.Kxh4 Bxc5 32.bxc5 Rf3 33.Rg1 e4 
34.c6 Nf5+ 35.Kg5 Nh6 36.c7 Nf7+ 37.Kh4 Kh6 1-0

[Event "2nd GMA World Cup prel  #2"]
[Site "Moscow URS"]
[Date "1989.??.??"]
[Round "1"]
[White "Veroci-Petronic, Zsuzsa"]
[Black "Dizdarevic, Emir"]
[Result "1/2-1/2"]
[WhiteElo "2335"]
[BlackElo "2510"]
[EventDate "1989.05.??"]
[PlyCount "150"]

1.e4 c5 2.Nf3 e6 3.d4 cxd4 4.Nxd4 a6 5.Bd3 Nf6 6.O-O Qc7 7.Qe2 Bc5 8.Nb3 
Ba7 9.c4 Nc6 10.Nc3 Ne5 11.Bf4 d6 12.Rac1 O-O 13.Kh1 Bd7 14.Nb1 Rac8 15.
N1d2 Ba4 16.Rc3 Qe7 17.Bb1 Ng6 18.Bg3 e5 19.f4 exf4 20.Bxf4 Nd7 21.Be3 
Bxe3 22.Qxe3 Nge5 23.Nd4 g6 24.Qh6 f6 25.Rg3 Kh8 26.b3 Bc6 27.N2f3 Nc5 28.
Nxc6 bxc6 29.Nd4 Ne6 30.Qe3 Nxd4 31.Qxd4 c5 32.Qc3 Kg7 33.Bc2 Nc6 34.Rgf3 
Qe5 35.Qd2 Rce8 36.Bb1 Re7 37.R3f2 Qd4 38.Qf4 Qe5 39.Qd2 Rff7 40.Rf3 Qe6 
41.Rf4 Qd7 42.R4f3 a5 43.Rd3 Re6 44.Rh3 Kg8 45.Rhf3 Qd8 46.Rf4 Nd4 47.R4f2
Kg7 48.Rf4 Qb6 49.Rh4 Ree7 50.Qh6+ Kg8 51.Rhf4 Qb4 52.Qh3 Kg7 53.Rh4 Kg8 
54.Rhf4 Re6 55.Qd3 Kg7 56.R4f2 a4 57.bxa4 Qxa4 58.Rb2 Qa7 59.Qg3 Rb7 60.
Rbf2 Qb8 61.Bd3 Ra7 62.Qh4 Qd8 63.Rb2 Qa5 64.e5 Qd8 65.exf6+ Rxf6 66.Rbf2 
Rf8 67.Qe4 Rxf2 68.Rxf2 Re7 69.Qf4 Re1+ 70.Rf1 Qe7 71.Rxe1 Qxe1+ 72.Qf1 
Qc3 73.Be4 Qa3 74.Bd5 Qxa2 75.Qf7+ Kh6 1/2-1/2

[Event "2nd GMA World Cup prel  #2"]
[Site "Moscow URS"]
[Date "1989.??.??"]
[Round "1"]
[White "Oll, Lembit"]
[Black "Iailian, Mikhail"]
[Result "1-0"]
[WhiteElo "2510"]
[BlackElo "2325"]
[EventDate "1989.05.??"]
[PlyCount "43"]

1.e4 e6 2.d4 d5 3.Nc3 Bb4 4.e5 Qd7 5.Bd2 b6 6.Qg4 f5 7.Qg3 Bb7 8.a3 Bf8 9.
Bb5 Nc6 10.Nce2 Nh6 11.Nf3 O-O-O 12.Nf4 Nf7 13.h4 a6 14.Ba4 g6 15.O-O Be7 
16.c4 g5 17.hxg5 Nxg5 18.Nxg5 Rdg8 19.cxd5 exd5 20.e6 Qe8 21.Nxd5 Bd6 22.
Nxb6+ 1-0

[Event "2nd GMA World Cup prel  #2"]
[Site "Moscow URS"]
[Date "1989.??.??"]
[Round "1"]
[White "Galliamova, Alisa"]
[Black "Vasiukov, Evgeny"]
[Result "1-0"]
[WhiteElo "2325"]
[BlackElo "2510"]
[EventDate "1989.05.??"]
[PlyCount "77"]

1.e4 e5 2.Nf3 Nc6 3.Bc4 Nf6 4.d3 Bc5 5.c3 O-O 6.b4 Bb6 7.a4 a5 8.b5 Ne7 9.
Nxe5 d5 10.exd5 Ng6 11.Nxg6 Re8+ 12.Kf1 hxg6 13.Bg5 Qd6 14.Bxf6 Qxf6 15.d4
Re4 16.Nd2 Rf4 17.f3 Bd7 18.Bd3 g5 19.h3 c5 20.dxc6 bxc6 21.bxc6 Bxc6 22.
Kf2 Rc8 23.Re1 g4 24.hxg4 Rxg4 25.Rh1 Bb7 26.Qe2 g6 27.Rh3 Rh4 28.Rah1 
Rxh3 29.Rxh3 Bc6 30.Bb5 Bd5 31.Bd3 Be6 32.Ne4 Qf4 33.Rh1 Bd5 34.Rb1 Rxc3 
35.Nxc3 Qxd4+ 36.Ke1 Qxc3+ 37.Qd2 Qe5+ 38.Qe2 Qg3+ 39.Kf1 1-0

[Event "2nd GMA World Cup prel  #2"]
[Site "Moscow URS"]
[Date "1989.??.??"]
[Round "1"]
[White "Rogers, Ian"]
[Black "Vreeken, Corry"]
[Result "1-0"]
[WhiteElo "2505"]
[BlackElo "2165"]
[EventDate "1989.05.??"]
[PlyCount "61"]

1.Nf3 Nf6 2.c4 g6 3.Nc3 d5 4.cxd5 Nxd5 5.e4 Nxc3 6.dxc3 Qxd1+ 7.Kxd1 Bg7 
8.Bf4 c5 9.Kc2 O-O 10.Bc4 Nc6 11.Rhd1 Na5 12.Bb5 a6 13.Bd7 b5 14.Bc7 Bxd7 
15.Rxd7 Nc6 16.a4 b4 17.Rad1 Rfe8 18.R1d5 Nb8 19.Rd8 Nc6 20.Rxa8 Rxa8 21.
Rxc5 Nd8 22.Bxd8 Rxd8 23.cxb4 Rb8 24.b5 e6 25.bxa6 Rxb2+ 26.Kd3 Rb8 27.a7 
Ra8 28.Rc7 Bf6 29.Rb7 Kg7 30.Kc4 Rd8 31.Kb5 1-0

[Event "2nd GMA World Cup prel  #2"]
[Site "Moscow URS"]
[Date "1989.??.??"]
[Round "1"]
[White "Heemskerk, Fenny"]
[Black "Kotronias, Vasilios"]
[Result "0-1"]
[WhiteElo "2025"]
[BlackElo "2505"]
[EventDate "1989.05.??"]
[PlyCount "76"]

1.Nf3 Nf6 2.d4 e6 3.g3 d5 4.Bg2 Be7 5.O-O O-O 6.b3 c5 7.Bb2 Nc6 8.e3 b6 9.
Nbd2 Bb7 10.c4 Rc8 11.Rc1 Rc7 12.dxc5 Bxc5 13.cxd5 Nxd5 14.a3 Rd7 15.Qe2 
a5 16.Rfd1 Qe7 17.Nc4 Ba6 18.a4 Rfd8 19.e4 Ndb4 20.Rxd7 Qxd7 21.Ne1 Nd4 
22.Bxd4 Qxd4 23.Bf3 Bb7 24.Nc2 Qxf2+ 25.Qxf2 Bxf2+ 26.Kg2 Bc5 27.Nxb4 Bxb4
28.Nxb6 f5 29.Nc4 fxe4 30.Bg4 Kf7 31.Kf2 Kf6 32.Rd1 Rd5 33.Ke3 Bc5+ 34.Ke2
Ba6 35.Rb1 Rd3 36.Rf1+ Ke7 37.Rf4 Bxc4 38.bxc4 Rd4 0-1

[Event "2nd GMA World Cup prel  #2"]
[Site "Moscow URS"]
[Date "1989.??.??"]
[Round "2"]
[White "Kharitonov, Andrei"]
[Black "Chernin, Alexander"]
[Result "1/2-1/2"]
[WhiteElo "2520"]
[BlackElo "2580"]
[EventDate "1989.05.??"]
[PlyCount "23"]

1.d4 d5 2.c4 c6 3.Nf3 Nf6 4.e3 Bf5 5.cxd5 cxd5 6.Qb3 Qc7 7.Nc3 e6 8.Bd2 
Nc6 9.Be2 Be7 10.O-O O-O 11.Rfc1 Rac8 12.Na4 1/2-1/2

[Event "2nd GMA World Cup prel  #2"]
[Site "Moscow URS"]
[Date "1989.??.??"]
[Round "2"]
[White "Psakhis, Lev"]
[Black "Panno, Oscar"]
[Result "1/2-1/2"]
[WhiteElo "2585"]
[BlackElo "2495"]
[EventDate "1989.05.??"]
[PlyCount "36"]

1.e4 c5 2.Nf3 e6 3.d4 cxd4 4.Nxd4 a6 5.Bd3 Nf6 6.O-O d6 7.c4 Bd7 8.Nc3 Nc6
9.Be3 Be7 10.Rc1 O-O 11.h3 Qb8 12.Qe2 b6 13.f4 Nxd4 14.Bxd4 Bc6 15.f5 Qb7 
16.b4 e5 17.Bf2 b5 18.cxb5 Bxb5 1/2-1/2

[Event "2nd GMA World Cup prel  #2"]
[Site "Moscow URS"]
[Date "1989.??.??"]
[Round "2"]
[White "Marjanovic, Slavoljub"]
[Black "Tukmakov, Vladimir"]
[Result "1/2-1/2"]
[WhiteElo "2490"]
[BlackElo "2590"]
[EventDate "1989.05.??"]
[PlyCount "31"]

1.e4 e6 2.d4 d5 3.Nd2 a6 4.Ngf3 c5 5.exd5 exd5 6.Be2 c4 7.O-O Bd6 8.b3 
cxb3 9.axb3 Ne7 10.Re1 O-O 11.Ba3 Nbc6 12.Bxd6 Qxd6 13.Nf1 Bf5 14.Bd3 Bg6 
15.c3 Rae8 16.Ra2 1/2-1/2

[Event "2nd GMA World Cup prel  #2"]
[Site "Moscow URS"]
[Date "1989.??.??"]
[Round "2"]
[White "Zaichik, Gennadi"]
[Black "Dokhoian, Yury"]
[Result "0-1"]
[WhiteElo "2500"]
[BlackElo "2575"]
[EventDate "1989.05.??"]
[PlyCount "70"]

1.d4 Nf6 2.c4 e6 3.Nc3 Bb4 4.e3 O-O 5.Bd3 d5 6.Ne2 dxc4 7.Bxc4 c5 8.a3 
Bxc3+ 9.Nxc3 cxd4 10.exd4 Nc6 11.Be3 b6 12.O-O Bb7 13.Qd3 h6 14.Rad1 Ne7 
15.Ba2 Ned5 16.Bc1 Rc8 17.Rfe1 Qc7 18.Nb5 Qb8 19.Qg3 Qxg3 20.hxg3 Ba6 21.
a4 Bxb5 22.axb5 Nb4 23.Bb3 Nc2 24.Rf1 Rfd8 25.Be3 Ne4 26.d5 Nxg3 27.dxe6 
Nxf1 28.Rxf1 Kf8 29.exf7 Rd3 30.Be6 Rcd8 31.Bc1 Nd4 32.Ba2 Rd1 33.Bc4 
Rxf1+ 34.Kxf1 Nxb5 35.Bf4 Rd4 0-1

[Event "2nd GMA World Cup prel  #2"]
[Site "Moscow URS"]
[Date "1989.??.??"]
[Round "2"]
[White "Tseitlin, Mikhail"]
[Black "Lputian, Smbat"]
[Result "0-1"]
[WhiteElo "2460"]
[BlackElo "2610"]
[EventDate "1989.05.??"]
[PlyCount "108"]

1.Nf3 d5 2.d4 c5 3.c4 e6 4.cxd5 exd5 5.Nc3 Nc6 6.Bg5 Be7 7.Bxe7 Ngxe7 8.e3
cxd4 9.Nxd4 Qb6 10.Bb5 O-O 11.O-O Rd8 12.Rc1 Ne5 13.Qc2 Qf6 14.Be2 a6 15.
Rfd1 b5 16.Qb3 Ng4 17.Nf3 Be6 18.Qb4 Nc6 19.Qc5 Rac8 20.h3 d4 21.Ne4 Qf5 
22.Qxf5 Bxf5 23.Nc5 Nge5 24.Nxe5 Nxe5 25.Rxd4 Rxd4 26.exd4 Nc6 27.Nb3 Kf8 
28.Rc5 g6 29.g4 Bd7 30.f4 Ke7 31.Kf2 Kd6 32.Rc3 Nb4 33.Rxc8 Bxc8 34.a3 Nd5
35.Kg3 Nb6 36.Nd2 Kd5 37.Nf3 Nc4 38.Bxc4+ Kxc4 39.d5 Kb3 40.d6 Kxb2 41.Ne5
Kxa3 42.Nxf7 b4 43.Ne5 b3 44.Nd3 Bd7 45.h4 Bb5 46.f5 gxf5 47.gxf5 Bxd3 48.
d7 b2 49.d8=Q b1=Q 50.Qe7+ Ka2 51.f6 Bc4 52.h5 Qf5 53.Qe8 Qg5+ 54.Kf2 Qf4+
0-1

[Event "2nd GMA World Cup prel  #2"]
[Site "Moscow URS"]
[Date "1989.??.??"]
[Round "2"]
[White "Dolmatov, Sergei"]
[Black "Lein, Anatoly"]
[Result "1-0"]
[WhiteElo "2580"]
[BlackElo "2485"]
[EventDate "1989.05.??"]
[PlyCount "89"]

1.e4 e6 2.d4 d5 3.Nc3 Nf6 4.Bg5 dxe4 5.Nxe4 Be7 6.Bxf6 Bxf6 7.Nf3 Bd7 8.
Qd2 Bc6 9.Nxf6+ gxf6 10.Be2 Qd6 11.O-O Nd7 12.c4 O-O-O 13.Rfd1 Bxf3 14.
Bxf3 Ne5 15.Be2 c5 16.d5 exd5 17.cxd5 h5 18.b4 c4 19.Rac1 Kb8 20.Bxc4 Ng4 
21.f4 Rhe8 22.Qd4 f5 23.Bd3 Ne3 24.Re1 Qxd5 25.Qxd5 Nxd5 26.Rxe8 Rxe8 27.
Rc4 Re1+ 28.Kf2 Ra1 29.Bxf5 Rxa2+ 30.Kf3 a6 31.Rd4 Ne7 32.Rd8+ Ka7 33.Be4 
f5 34.Bxb7 Ra3+ 35.Kf2 Kxb7 36.Rd7+ Kb6 37.Rxe7 Rb3 38.Rf7 Rxb4 39.Rf6+ 
Kb5 40.Rxf5+ Kc4 41.Rxh5 Rb8 42.Ra5 Ra8 43.h4 Kb4 44.Ra1 a5 45.h5 1-0

[Event "2nd GMA World Cup prel  #2"]
[Site "Moscow URS"]
[Date "1989.??.??"]
[Round "2"]
[White "Smejkal, Jan"]
[Black "Vyzhmanavin, Alexei"]
[Result "1-0"]
[WhiteElo "2515"]
[BlackElo "2550"]
[EventDate "1989.05.??"]
[PlyCount "121"]

1.c4 e5 2.Nc3 Nf6 3.Nf3 Nc6 4.g3 d5 5.cxd5 Nxd5 6.Bg2 Nb6 7.O-O Be7 8.d3 
O-O 9.a3 Be6 10.b4 f6 11.Bb2 Qd7 12.Ne4 Rfd8 13.Rc1 Bf8 14.Qc2 a6 15.Nc5 
Bxc5 16.bxc5 Nd5 17.Rfd1 Bg4 18.d4 e4 19.Qxe4 Bf5 20.Qh4 Nce7 21.h3 Ng6 
22.Qh5 Ndf4 23.gxf4 Nxf4 24.Qh4 Nxe2+ 25.Kh2 Nxc1 26.Bxc1 Be6 27.Rg1 Bd5 
28.Qg3 Qf7 29.Bf1 Re8 30.Bd3 Kh8 31.Nh4 Be4 32.Bc4 Qd7 33.d5 Re7 34.d6 
cxd6 35.cxd6 Re5 36.Be2 Rg8 37.Bg4 Qb5 38.d7 Rd5 39.Be6 g5 40.Bxg8 Kxg8 
41.Nf3 Qxd7 42.Re1 Bg6 43.Bd2 Kf7 44.Rc1 Rd6 45.a4 Rc6 46.Rxc6 Qxc6 47.Nd4
Qb6 48.Qc3 Qd6+ 49.Kg1 Be4 50.a5 Qe5 51.Qe3 Bd5 52.Bc3 Qxe3 53.fxe3 Kg6 
54.Kh2 f5 55.Kg3 h6 56.Bb4 Bc4 57.Bf8 Bd5 58.Be7 Bc4 59.Bd8 Bd5 60.Be7 Bc4
61.h4 1-0

[Event "2nd GMA World Cup prel  #2"]
[Site "Moscow URS"]
[Date "1989.??.??"]
[Round "2"]
[White "Vladimirov, Evgeny"]
[Black "Oll, Lembit"]
[Result "1/2-1/2"]
[WhiteElo "2550"]
[BlackElo "2510"]
[EventDate "1989.05.??"]
[PlyCount "58"]

1.d4 Nf6 2.c4 e6 3.g3 Bb4+ 4.Bd2 Qe7 5.Nc3 O-O 6.Bg2 d5 7.a3 Bxc3 8.Bxc3 
Rd8 9.Nf3 dxc4 10.Qa4 Bd7 11.Qxc4 Bc6 12.Rc1 Nbd7 13.O-O Nb6 14.Bb4 Qe8 
15.Qc2 Rac8 16.b3 Be4 17.Qb2 Nbd5 18.Bd2 Qb5 19.Rfe1 Qb6 20.a4 Nb4 21.Bg5 
Nbd5 22.Rc5 h6 23.Bd2 Nd7 24.Rc4 a5 25.Rec1 Ne7 26.Ne1 Nf6 27.Bxe4 Nxe4 
28.Bf4 Nd5 29.Qc2 Nxf4 1/2-1/2

[Event "2nd GMA World Cup prel  #2"]
[Site "Moscow URS"]
[Date "1989.??.??"]
[Round "2"]
[White "Eingorn, Viacheslav"]
[Black "Gurevich, Dmitry"]
[Result "1/2-1/2"]
[WhiteElo "2570"]
[BlackElo "2480"]
[EventDate "1989.05.??"]
[PlyCount "163"]

1.Nf3 Nf6 2.c4 c5 3.Nc3 b6 4.e3 Bb7 5.d4 cxd4 6.exd4 e6 7.a3 d5 8.cxd5 
Nxd5 9.Ne5 a6 10.Qa4+ Nd7 11.Nxd5 b5 12.Bg5 f6 13.Qd1 Bxd5 14.Nxd7 Qxd7 
15.Be3 Be7 16.Qh5+ g6 17.Qh6 Kf7 18.f3 Bf8 19.Qh4 Rc8 20.Bd3 Bc4 21.Bxc4 
Rxc4 22.O-O Bg7 23.Rac1 Rhc8 24.Rxc4 bxc4 25.Bd2 f5 26.Bc3 h5 27.Rd1 Rd8 
28.Rd2 Bf6 29.Qf2 g5 30.f4 Qd5 31.fxg5 Bxg5 32.Rd1 Rg8 33.Kh1 Be3 34.Qe2 
Rg4 35.Rf1 Bxd4 36.h3 Rg6 37.Bxd4 Qxd4 38.Rd1 Qe4 39.Qxe4 fxe4 40.Re1 Rg3 
41.Rxe4 c3 42.bxc3 Rxc3 43.Ra4 Rc6 44.Ra5 Kg6 45.h4 Rc4 46.g3 Rc1+ 47.Kg2 
Rc2+ 48.Kh3 Rc6 49.a4 Rd6 50.Rg5+ Kh6 51.Re5 Kg6 52.Kg2 Rd2+ 53.Kf3 Rd3+ 
54.Kf2 Rd6 55.Rg5+ Kh6 56.a5 Rd7 57.Re5 Rf7+ 58.Ke3 Rf6 59.Kd4 Kg6 60.Rg5+
Kf7 61.Rxh5 Rf3 62.Rg5 Kf6 63.Kc5 e5 64.Rg8 Kf7 65.Rg4 Rb3 66.Kd6 Ra3 67.
h5 e4 68.h6 Rxa5 69.Rg7+ Kf6 70.g4 Ra2 71.g5+ Kf5 72.h7 Rh2 73.g6 e3 74.
Rg8 e2 75.g7 Rh6+ 76.Kd5 e1=Q 77.Rf8+ Rf6 78.Rxf6+ Kxf6 79.g8=Q Qe5+ 80.
Kc6 Qb5+ 81.Kc7 Qc5+ 82.Kb7 1/2-1/2

[Event "2nd GMA World Cup prel  #2"]
[Site "Moscow URS"]
[Date "1989.??.??"]
[Round "2"]
[White "Huzman, Alexander"]
[Black "Dorfman, Iosif"]
[Result "1/2-1/2"]
[WhiteElo "2480"]
[BlackElo "2565"]
[EventDate "1989.05.??"]
[PlyCount "25"]

1.Nf3 d6 2.d4 g6 3.e4 Nf6 4.Nc3 Bg7 5.Be2 O-O 6.O-O Bg4 7.Be3 Nc6 8.Qd2 e5
9.dxe5 Nxe5 10.Nxe5 dxe5 11.Qxd8 Rfxd8 12.f3 Be6 13.Rfd1 1/2-1/2

[Event "2nd GMA World Cup prel  #2"]
[Site "Moscow URS"]
[Date "1989.??.??"]
[Round "2"]
[White "Gutman, Lev"]
[Black "Rogers, Ian"]
[Result "0-1"]
[WhiteElo "2535"]
[BlackElo "2505"]
[EventDate "1989.05.??"]
[PlyCount "78"]

1.Nf3 d5 2.g3 c6 3.Bg2 Bg4 4.O-O Nd7 5.d3 Ngf6 6.Qe1 e5 7.e4 dxe4 8.dxe4 
Bxf3 9.Bxf3 Bc5 10.Nd2 O-O 11.Nc4 Qe7 12.Bd2 Nb6 13.Ne3 Qe6 14.b3 g6 15.a4
Rad8 16.Qe2 Rfe8 17.Rad1 h5 18.Kg2 Kg7 19.a5 Na8 20.Qc4 Qe7 21.b4 Rxd2 22.
Rxd2 Bxb4 23.Rd3 Bxa5 24.Qb3 Bb6 25.Rfd1 Nc7 26.Nc4 Qc5 27.R1d2 Ne6 28.c3 
Bc7 29.h4 a5 30.Qa2 a4 31.Rd1 b5 32.Ne3 Rd8 33.Nc2 Rxd3 34.Rxd3 Ba5 35.Qb2
Qc4 36.Re3 Nc5 37.Nb4 Ncxe4 38.Nd3 Bxc3 39.Qa3 Nd2 0-1

[Event "2nd GMA World Cup prel  #2"]
[Site "Moscow URS"]
[Date "1989.??.??"]
[Round "2"]
[White "Kotronias, Vasilios"]
[Black "Popovic, Petar"]
[Result "1/2-1/2"]
[WhiteElo "2505"]
[BlackElo "2535"]
[EventDate "1989.05.??"]
[PlyCount "77"]

1.e4 e6 2.d4 d5 3.Nd2 c5 4.Ngf3 cxd4 5.exd5 Qxd5 6.Bc4 Qc5 7.O-O Nc6 8.Qe2
Qb6 9.Nb3 Nge7 10.Rd1 Nf5 11.Bd3 Nd6 12.a4 Nb4 13.a5 Qc7 14.Bf4 Nxd3 15.
Qxd3 Qc4 16.Qxc4 Nxc4 17.Rxd4 b5 18.axb6 Nxb6 19.Bd6 Bxd6 20.Rxd6 Bb7 21.
Na5 Bd5 22.c4 Nxc4 23.Nxc4 Bxc4 24.Ne5 Bd5 25.Nc6 Bxc6 26.Rxc6 O-O 27.Rc7 
a5 28.Rc5 a4 29.Rc4 Rab8 30.Rcxa4 Rxb2 31.Ra8 g5 32.h4 gxh4 33.Rxf8+ Kxf8 
34.Ra4 h3 35.gxh3 Kg7 36.Rg4+ Kf6 37.Rh4 Kg6 38.Rg4+ Kf5 39.Rg7 1/2-1/2